[Event "XIII Festival"]
[Site "Ozieri ITA"]
[Date "2014.08.03"]
[Round "6"]
[White "Ibba, Isacco"]
[Black "Mameli, Gianluca"]
[WhiteElo "2207"]
[BlackElo "1957"]
[Result "1-0"]
[PlyCount "57"]
[EventDate "2014.07.31"]

1. d4 Nf6 2. Nc3 g6 3. e4 d6 4. f3 Bg7 5. Be3 Nbd7 6. Qd2 O-O 7. Bh6 c5 8. dxc5
Nxc5 9. h4 Qa5 10. h5 Ne6 11. hxg6 hxg6 12. Bxg7 Nxg7 13. Qh6 Ngh5 14. Bc4 d5
15. Bxd5 Nxd5 16. exd5 Qc7 17. Nge2 Qe5 18. g4 Qg7 19. Qe3 Nf6 20. O-O-O Bd7
21. Qxe7 Rfe8 22. Qd6 Rad8 23. Qh2 b5 24. g5 Nh7 25. Ne4 Bf5 26. Qxh7+ Qxh7 27.
Nf6+ Kf8 28. Nxh7+ Kg7 29. Nd4 1-0

[Event "XIII Festival"]
[Site "Ozieri ITA"]
[Date "2014.08.03"]
[Round "6"]
[White "Le Creurer, Kilian"]
[Black "Crapulli, Giuseppe"]
[WhiteElo "1796"]
[BlackElo "1897"]
[Result "1/2-1/2"]
[PlyCount "60"]
[EventDate "2014.07.31"]

1. c4 b6 2. Nc3 Bb7 3. d4 e6 4. a3 Nf6 5. Nf3 d5 6. Bg5 Be7 7. e3 O-O 8. Be2
Nbd7 9. O-O dxc4 10. Qc2 Nd5 11. Ne4 b5 12. h4 f5 13. Bxe7 Qxe7 14. Neg5 e5 15.
dxe5 Nxe5 16. Nd4 Qd7 17. g4 h6 18. Nge6 fxg4 19. Qe4 Nf3+ 20. Bxf3 gxf3 21.
Nxf8 Rxf8 22. Qe6+ Qxe6 23. Nxe6 Rf6 24. Nd4 a6 25. Kh2 c5 26. Nc2 Nb6 27. Rfd1
Na4 28. Ra2 Be4 29. Rd2 Kf7 30. Ne1 Kg6 1/2-1/2

[Event "XIII Festival"]
[Site "Ozieri ITA"]
[Date "2014.08.03"]
[Round "6"]
[White "Ljubisavljevic, Zivojin Z."]
[Black "Buchicchio, Giancarlo"]
[WhiteElo "2132"]
[BlackElo "2066"]
[Result "1/2-1/2"]
[PlyCount "27"]
[EventDate "2014.07.31"]

1. e4 c5 2. Nc3 Nc6 3. f4 e6 4. Nf3 Nge7 5. g3 g6 6. Bg2 Bg7 7. O-O O-O 8. h3
Nd4 9. Nxd4 cxd4 10. Ne2 d3 11. cxd3 Nc6 12. Kh2 d6 13. d4 Nxd4 14. Nxd4
1/2-1/2

[Event "XIII Festival"]
[Site "Ozieri ITA"]
[Date "2014.08.03"]
[Round "6"]
[White "Locci, Damiano"]
[Black "Dragojlovic, Andjelko"]
[WhiteElo "2113"]
[BlackElo "2295"]
[Result "1/2-1/2"]
[PlyCount "30"]
[EventDate "2014.07.31"]

1. c4 Nf6 2. Nc3 g6 3. e4 c5 4. Nf3 Nc6 5. d4 cxd4 6. Nxd4 d6 7. Nc2 Bg7 8. Be2
O-O 9. O-O Nd7 10. Bd2 Nc5 11. b4 Bxc3 12. Bxc3 Nxe4 13. Bb2 Nf6 14. Qd2 Bf5
15. Ne3 Be6 1/2-1/2

[Event "XIII Festival"]
[Site "Ozieri ITA"]
[Date "2014.08.03"]
[Round "6"]
[White "Mortola, Alberto"]
[Black "Dessy, Eugenio"]
[WhiteElo "1949"]
[BlackElo "1614"]
[Result "1-0"]
[PlyCount "85"]
[EventDate "2014.07.31"]

1. b4 e5 2. Bb2 Bxb4 3. Bxe5 Nf6 4. Nf3 Nc6 5. Bb2 d5 6. e3 Qe7 7. Be2 O-O 8.
O-O Bf5 9. c4 Rad8 10. Nc3 d4 11. Nxd4 Nxd4 12. exd4 c6 13. Re1 Qd6 14. Qb3 Ba5
15. Ba3 Qxd4 16. Bxf8 Rxf8 17. Rad1 Bb6 18. Na4 Qxf2+ 19. Kh1 Be4 20. Bf3 Bxf3
21. Qxf3 Qxf3 22. gxf3 Bd4 23. Rb1 Rb8 24. Re7 b5 25. Rc7 Be5 26. Rxc6 g5 27.
Rxb5 Rxb5 28. cxb5 Kg7 29. Kg2 Nd5 30. Rc5 Nf4+ 31. Kf1 f6 32. Nc3 Nd3 33. Rd5
Nb4 34. Rd7+ Kg6 35. Rxa7 Bxh2 36. Ke2 Bg1 37. Ra4 Nc2 38. Kf1 Bc5 39. Nd5 Bd4
40. b6 Be5 41. b7 h5 42. Ne7+ Kf7 43. Nc6 1-0

[Event "XIII Festival"]
[Site "Ozieri ITA"]
[Date "2014.08.02"]
[Round "6"]
[White "Pedranghelu, Mario"]
[Black "Careddu, Angelo"]
[WhiteElo "1392"]
[BlackElo "1446"]
[Result "1/2-1/2"]
[PlyCount "118"]
[EventDate "2014.07.31"]

1. e4 d6 2. d4 Nf6 3. Nc3 g6 4. Nf3 Bg7 5. g3 c6 6. Bg2 b5 7. b4 a6 8. Be3 Ng4
9. Bf4 O-O 10. O-O Qb6 11. Qd2 Rd8 12. d5 Bb7 13. Rad1 a5 14. a3 axb4 15. axb4
Na6 16. h3 Nf6 17. Be3 Qc7 18. dxc6 Bxc6 19. Rb1 Nxe4 20. Nxe4 Bxe4 21. Bd4
Bxc2 22. Rfc1 Rac8 23. Bxg7 Kxg7 24. Nd4 Bxb1 25. Rxc7 Rxc7 26. Nxb5 Rc2 27.
Qd4+ f6 28. Qe3 Rd7 29. Na3 Rb2 30. Qc3 Rxb4 31. Nxb1 Rxb1+ 32. Kh2 Nc5 33. h4
Rdb7 34. Bxb7 Rxb7 35. g4 e5 36. Qf3 Rd7 37. g5 f5 38. Qc3 Kf7 39. Qc4+ Ne6 40.
Qc8 Nf8 41. Kg2 Ke7 42. Qc4 Ne6 43. Kg3 Rc7 44. Qb4 Kd7 45. Qa4+ Rc6 46. Qa7+
Nc7 47. h5 Rc3+ 48. Kg2 gxh5 49. Qa2 d5 50. Kf1 h4 51. Qa4+ Rc6 52. Qxh4 Kd6
53. Qxh7 Kc5 54. Qxf5 e4 55. Ke2 Ne6 56. Kd2 Kc4 57. f3 Nd4 58. Qg4 Nxf3+ 59.
Ke2 Nxg5 1/2-1/2

[Event "XIII Festival"]
[Site "Ozieri ITA"]
[Date "2014.08.03"]
[Round "6"]
[White "Polo, Alessandro"]
[Black "Carucci, Bruno"]
[WhiteElo "1537"]
[BlackElo "1463"]
[Result "1-0"]
[PlyCount "45"]
[EventDate "2014.07.31"]

1. e4 Nf6 2. e5 Nd5 3. d4 d6 4. exd6 exd6 5. Nf3 Bg4 6. Be2 Be7 7. c3 O-O 8.
O-O Bxf3 9. Bxf3 c6 10. Bxd5 cxd5 11. Qb3 Nc6 12. Qxb7 Na5 13. Qxd5 Rc8 14. Nd2
Bg5 15. Nb3 Nxb3 16. Bxg5 Qa5 17. Qxa5 Nxa5 18. Bf4 d5 19. Rfe1 Nc4 20. Rab1 h6
21. b3 Na3 22. Rbc1 g5 23. Bd6 1-0

[Event "XIII Festival"]
[Site "Ozieri ITA"]
[Date "2014.08.03"]
[Round "6"]
[White "Saba, Davide"]
[Black "Passalacqua, Tullio"]
[WhiteElo "1350"]
[BlackElo "1663"]
[Result "0-1"]
[PlyCount "32"]
[EventDate "2014.07.31"]

1. e4 e6 2. Nc3 d5 3. e5 c5 4. d3 Nc6 5. Qf3 Nxe5 6. Qd1 Nf6 7. Nf3 Nxf3+ 8.
Qxf3 h6 9. Bf4 Bd7 10. Qg3 Nh5 11. Qg4 Nxf4 12. Qxf4 Bc6 13. Na4 Bd6 14. Qg4
Qf6 15. c3 h5 16. Qe2 Bxa4 0-1

[Event "XIII Festival"]
[Site "Ozieri ITA"]
[Date "2014.08.03"]
[Round "6"]
[White "Sanna, Raul"]
[Black "Sorcinelli, Andrea"]
[WhiteElo "1407"]
[BlackElo "1722"]
[Result "0-1"]
[PlyCount "94"]
[EventDate "2014.07.31"]

1. d4 Nf6 2. Bg5 e6 3. e3 Be7 4. Qd3 h6 5. Bh4 d5 6. Nc3 c5 7. O-O-O cxd4 8.
Qxd4 Nc6 9. Qd3 Qb6 10. Qb5 Qxb5 11. Nxb5 O-O 12. f3 a6 13. Nd4 Bd7 14. a3 Nxd4
15. exd4 Rfc8 16. Bd3 g5 17. Bg3 Nh5 18. Ne2 Nxg3 19. hxg3 Kg7 20. Rh2 Rh8 21.
Rdh1 Bb5 22. Bxb5 axb5 23. c3 Rac8 24. Kb1 Bd6 25. f4 f6 26. Rf1 Rcf8 27. fxg5
hxg5 28. Rxh8 Rxh8 29. b4 Rh2 30. Rg1 Kg6 31. Kb2 Kh5 32. Kb3 Kg4 33. a4 bxa4+
34. Kxa4 Bxg3 35. Nxg3 Kxg3 36. Kb5 Rxg2 37. Rxg2+ Kxg2 38. Kb6 f5 39. Kxb7 f4
40. b5 f3 41. b6 f2 42. Kc7 f1=Q 43. b7 Qc4+ 44. Kd7 Qb5+ 45. Kc7 Kf3 46. b8=Q
Qxb8+ 47. Kxb8 Ke4 0-1

[Event "XIII Festival"]
[Site "Ozieri ITA"]
[Date "2014.08.02"]
[Round "6"]
[White "Vuelban, Virgilio"]
[Black "Manca, Luca"]
[WhiteElo "2313"]
[BlackElo "1903"]
[Result "1-0"]
[PlyCount "41"]
[EventDate "2014.07.31"]

1. d4 d5 2. c4 e6 3. Nc3 Nf6 4. Nf3 c6 5. e3 Nbd7 6. Bd3 Qc7 7. O-O e5 8. cxd5
cxd5 9. dxe5 Nxe5 10. Nxd5 Nxd5 11. Bb5+ Bd7 12. Bxd7+ Nxd7 13. Qxd5 O-O-O 14.
Qxf7 Bd6 15. Bd2 Rdf8 16. Qd5 Nf6 17. Qa5 Qxa5 18. Bxa5 Rhg8 19. Rfd1 Ne8 20.
Rac1+ Kb8 21. Rxd6 1-0

[Event "XIII Festival"]
[Site "Ozieri ITA"]
[Date "2014.08.02"]
[Round "7"]
[White "Buchicchio, Alessandro"]
[Black "Giordano, Giulia"]
[WhiteElo "1914"]
[BlackElo "1680"]
[Result "1/2-1/2"]
[PlyCount "57"]
[EventDate "2014.07.31"]

1. e4 d5 2. exd5 Nf6 3. d4 Bg4 4. Be2 Bxe2 5. Qxe2 Qxd5 6. Nf3 e6 7. O-O Be7 8.
Nc3 Qd7 9. Bf4 O-O 10. Rad1 Nc6 11. Rfe1 Rfd8 12. Ne5 Qe8 13. Nxc6 Qxc6 14. d5
Nxd5 15. Nxd5 Rxd5 16. Rxd5 Qxd5 17. Bxc7 Rc8 18. Rd1 Qc6 19. Be5 Qxc2 20. Qxc2
Rxc2 21. Bc3 h6 22. Kf1 Bc5 23. Rd2 Rxd2 24. Bxd2 Bd4 25. b3 Kf8 26. Ke2 Ke7
27. f3 Kd6 28. Kd3 Kd5 29. Bb4 1/2-1/2

[Event "XIII Festival"]
[Site "Ozieri ITA"]
[Date "2014.08.03"]
[Round "7"]
[White "Careddu, Angelo"]
[Black "Pizzadili, Marina"]
[WhiteElo "1446"]
[BlackElo "1410"]
[Result "1-0"]
[PlyCount "49"]
[EventDate "2014.07.31"]

1. e4 e5 2. Nf3 d6 3. d4 c5 4. dxe5 dxe5 5. Qxd8+ Kxd8 6. Nxe5 Ke8 7. Bc4 Be6
8. Bxe6 fxe6 9. O-O Bd6 10. Nf3 Nf6 11. e5 Be7 12. exf6 Bxf6 13. Re1 Rf8 14.
Rxe6+ Kf7 15. Re4 Nc6 16. Nc3 Rad8 17. Bf4 Rfe8 18. Rxe8 Rxe8 19. a3 Nd4 20.
Nxd4 cxd4 21. Nb5 g5 22. Nd6+ Kf8 23. Nxe8 Kxe8 24. Re1+ Kf8 25. Be5 1-0

[Event "XIII Festival"]
[Site "Ozieri ITA"]
[Date "2014.08.03"]
[Round "7"]
[White "Carucci, Bruno"]
[Black "Chighine, Roberto"]
[WhiteElo "1463"]
[BlackElo "1434"]
[Result "1-0"]
[PlyCount "53"]
[EventDate "2014.07.31"]

1. d4 e6 2. c4 d5 3. Nc3 Nf6 4. Nf3 Be7 5. Bg5 Nbd7 6. e3 O-O 7. Bd3 dxc4 8.
Bxc4 b6 9. O-O Bb7 10. Bd3 c5 11. Qe2 cxd4 12. Nxd4 Nc5 13. Bc2 Ba6 14. Ndb5
Qd7 15. Rfd1 Qc6 16. Bxf6 Bxf6 17. a4 Bb7 18. f3 Ba6 19. Rd6 Qb7 20. Rad1 Rad8
21. Qe1 Be7 22. Qg3 g6 23. Rxd8 Rxd8 24. Rxd8+ Bxd8 25. Nd6 Bc7 26. Qf4 Qc6 27.
Qxf7+ 1-0

[Event "XIII Festival"]
[Site "Ozieri ITA"]
[Date "2014.08.03"]
[Round "7"]
[White "Crapulli, Giuseppe"]
[Black "Polo, Alessandro"]
[WhiteElo "1897"]
[BlackElo "1537"]
[Result "1/2-1/2"]
[PlyCount "45"]
[EventDate "2014.07.31"]

1. e4 e5 2. Nf3 Nc6 3. Bb5 a6 4. Ba4 Nf6 5. O-O b5 6. Bb3 Be7 7. Re1 d6 8. c3
Bb7 9. d4 exd4 10. cxd4 O-O 11. Nbd2 h6 12. Nf1 Re8 13. Ng3 Na5 14. Bc2 Bf8 15.
b3 c5 16. Bb2 Nd7 17. Qd2 Nc6 18. dxc5 dxc5 19. e5 Qc7 20. Qf4 Nb4 21. Be4 Bxe4
22. Qxe4 Nb6 23. a3 1/2-1/2

[Event "XIII Festival"]
[Site "Ozieri ITA"]
[Date "2014.08.03"]
[Round "7"]
[White "Dessy, Eugenio"]
[Black "Le Creurer, Kilian"]
[WhiteElo "1614"]
[BlackElo "1796"]
[Result "0-1"]
[PlyCount "86"]
[EventDate "2014.07.31"]

1. d4 f5 2. c4 Nf6 3. Nc3 g6 4. Nf3 Bg7 5. g3 O-O 6. Bg2 d6 7. O-O c6 8. Re1
Na6 9. Bd2 Nc7 10. Qc1 Re8 11. e4 fxe4 12. Nxe4 Bd7 13. Nxf6+ Bxf6 14. Bc3 b5
15. d5 cxd5 16. Bxf6 exf6 17. Qf4 bxc4 18. Qxd6 Be6 19. Qf4 Kg7 20. Nd4 Bf7 21.
Bh3 f5 22. Bxf5 Qf6 23. Red1 Re5 24. Bc2 Qxf4 25. gxf4 Ree8 26. Ba4 Re4 27. f5
Rb8 28. f3 Rf4 29. fxg6 Bxg6 30. Rd2 Bd3 31. Nc6 Rbf8 32. Rg2+ Kh6 33. Ne5 Ne6
34. Re1 Ng5 35. Rg3 Bf5 36. Kf2 c3 37. Ke3 Rxa4 38. Reg1 d4+ 39. Kf2 Nh3+ 40.
Rxh3+ Bxh3 41. Rg3 Bf5 42. bxc3 Rxa2+ 43. Kg1 dxc3 0-1

[Event "XIII Festival"]
[Site "Ozieri ITA"]
[Date "2014.08.03"]
[Round "7"]
[White "Di Pinto, Vincenzo"]
[Black "Secci, Andrea"]
[WhiteElo "1626"]
[BlackElo "1410"]
[Result "1-0"]
[PlyCount "55"]
[EventDate "2014.07.31"]

1. d4 d5 2. Nf3 Nc6 3. Bf4 Bf5 4. e3 Nb4 5. Bb5+ c6 6. Ba4 Nf6 7. a3 Na6 8. b4
Nh5 9. Bg5 f6 10. Bh4 g5 11. Bg3 Nxg3 12. hxg3 g4 13. Nh4 Bd7 14. Qd3 e5 15.
Ng6 e4 16. Qe2 Rg8 17. Nxf8 Rxf8 18. Rxh7 Bf5 19. Rxb7 Rh8 20. Bxc6+ Kf8 21.
Qxa6 Rh1+ 22. Kd2 Rh2 23. Qf1 Rc8 24. Ba4 Ra8 25. Bb3 Qc8 26. Bxd5 Ke8 27. Rg7
Kf8 28. Rg8+ 1-0

[Event "XIII Festival"]
[Site "Ozieri ITA"]
[Date "2014.08.03"]
[Round "7"]
[White "Dragojlovic, Andjelko"]
[Black "Buchicchio, Giancarlo"]
[WhiteElo "2295"]
[BlackElo "2066"]
[Result "1/2-1/2"]
[PlyCount "21"]
[EventDate "2014.07.31"]

1. e4 c5 2. Nf3 d6 3. c3 Nf6 4. Be2 e6 5. O-O Nc6 6. Qc2 Be7 7. d4 cxd4 8. cxd4
Bd7 9. e5 Nd5 10. a3 Rc8 11. Qe4 1/2-1/2

[Event "XIII Festival"]
[Site "Ozieri ITA"]
[Date "2014.08.03"]
[Round "7"]
[White "Garau, Francesca"]
[Black "Freschi, Vincenzo Giuseppe"]
[WhiteElo "1500"]
[BlackElo "1422"]
[Result "1/2-1/2"]
[PlyCount "63"]
[EventDate "2014.07.31"]

1. e4 e5 2. Nf3 Nc6 3. Bc4 Bc5 4. O-O Nf6 5. d3 d6 6. h3 h6 7. c3 d5 8. exd5
Nxd5 9. Re1 O-O 10. Nxe5 Qf6 11. d4 Nxe5 12. Rxe5 c6 13. Qe2 Bd6 14. Re8 Qg6
15. Rxf8+ Kxf8 16. Bd3 Qf6 17. Nd2 Nf4 18. Qe3 Qg5 19. Qf3 Bxh3 20. Ne4 Bxg2
21. Nxg5 Bxf3 22. Bxf4 Bxf4 23. Nxf3 Re8 24. Re1 Rxe1+ 25. Nxe1 Bc1 26. b3 Bb2
27. c4 Bxd4 28. Kg2 b6 29. Kf3 c5 30. Nc2 Be5 31. Ne3 g6 32. Ng4 1/2-1/2

[Event "XIII Festival"]
[Site "Ozieri ITA"]
[Date "2014.08.03"]
[Round "7"]
[White "Locci, Damiano"]
[Black "Vuelban, Virgilio"]
[WhiteElo "2113"]
[BlackElo "2313"]
[Result "0-1"]
[PlyCount "76"]
[EventDate "2014.07.31"]

1. e4 e6 2. c4 c5 3. Nc3 Nc6 4. f4 Nge7 5. Nf3 a6 6. Be2 Nd4 7. O-O Nec6 8. d3
Be7 9. Be3 O-O 10. Qd2 d6 11. Rae1 Bd7 12. Bd1 b5 13. b3 Bf6 14. g4 Qa5 15. Nb1
Qxd2 16. Nbxd2 Nb4 17. e5 dxe5 18. fxe5 Be7 19. Nxd4 cxd4 20. Bxd4 Nxd3 21. Re3
bxc4 22. Nxc4 Nb4 23. a3 Nc6 24. Bb2 Bc5 25. Kg2 Bxe3 26. Nxe3 Ne7 27. Nc4 Bb5
28. Be2 Nd5 29. Bd4 Rfd8 30. a4 Bc6 31. Kg3 Rab8 32. Na5 Ba8 33. Bc4 Nb6 34.
Bc5 Nxc4 35. bxc4 Rd3+ 36. Kf4 Rb1 37. Rf2 Rb2 38. Be3 Rxf2+ 0-1

[Event "XIII Festival"]
[Site "Ozieri ITA"]
[Date "2014.08.03"]
[Round "7"]
[White "Mameli, Gianluca"]
[Black "Mortola, Alberto"]
[WhiteElo "1957"]
[BlackElo "1949"]
[Result "0-1"]
[PlyCount "98"]
[EventDate "2014.07.31"]

1. e4 e5 2. Nf3 Nc6 3. Bb5 a6 4. Ba4 Nf6 5. O-O b5 6. Bb3 Bb7 7. d3 Bc5 8. Bg5
d6 9. Nc3 Na5 10. d4 Nxb3 11. axb3 exd4 12. Nxd4 O-O 13. Nf5 Re8 14. Re1 Re5
15. Qf3 b4 16. Nd5 Bxd5 17. exd5 Qe8 18. Rxe5 Qxe5 19. Nh6+ Kf8 20. Bxf6 Qxf6
21. Qxf6 gxf6 22. Rd1 Re8 23. Kf1 Re4 24. f3 Rd4 25. Rxd4 Bxd4 26. Nf5 Bxb2 27.
h4 Ke8 28. Ke2 Kd7 29. Kd3 c6 30. Ke4 c5 31. Ne3 Bd4 32. Nc4 Be5 33. h5 Bd4 34.
Kf5 Bc3 35. Na5 Bd4 36. Nc6 Bc3 37. Na5 Bd4 38. g4 Bb2 39. f4 Bd4 40. Nc4 Bc3
41. h6 Ke7 42. Na5 Bb2 43. Nc6+ Kd7 44. Nb8+ Kc7 45. Nxa6+ Kb7 46. g5 fxg5 47.
fxg5 Kxa6 48. Ke4 Kb5 49. c4+ bxc3 0-1

[Event "XIII Festival"]
[Site "Ozieri ITA"]
[Date "2014.08.03"]
[Round "7"]
[White "Manca, Luca"]
[Black "Cola, Andrea"]
[WhiteElo "1903"]
[BlackElo "1467"]
[Result "1-0"]
[PlyCount "93"]
[EventDate "2014.07.31"]

1. e4 e5 2. Nf3 Nc6 3. d4 exd4 4. Bc4 h6 5. Nxd4 Bc5 6. Bxf7+ Kxf7 7. Qh5+ Kf8
8. Qxc5+ Nce7 9. e5 d6 10. exd6 Qxd6 11. Qxd6 cxd6 12. Bf4 d5 13. Nc3 Nf6 14.
O-O Nf5 15. Ndb5 Bd7 16. Nc7 Rc8 17. N3xd5 Nxd5 18. Nxd5 Rxc2 19. b3 Kf7 20.
Rfd1 Bc6 21. Nb4 Rc3 22. Nxc6 Rxc6 23. Rd7+ Ne7 24. Rxb7 Ra8 25. Re1 Re6 26.
Rxe6 Kxe6 27. g3 a5 28. Bd2 a4 29. Bc3 axb3 30. axb3 Kf7 31. Bb4 Re8 32. f4 Kf6
33. Bxe7+ Rxe7 34. Rxe7 Kxe7 35. Kf2 Kd6 36. Ke3 Kd5 37. h4 h5 38. b4 Kc4 39.
f5 Kxb4 40. Kf4 Kc5 41. Kg5 Kd5 42. Kxh5 Ke5 43. Kg6 Ke4 44. g4 Kf4 45. g5 Kg4
46. Kxg7 Kxh4 47. g6 1-0

[Event "XIII Festival"]
[Site "Ozieri ITA"]
[Date "2014.08.03"]
[Round "7"]
[White "Paoli, Guillaume"]
[Black "Passalacqua, Tullio"]
[WhiteElo "1829"]
[BlackElo "1663"]
[Result "1-0"]
[PlyCount "83"]
[EventDate "2014.07.31"]

1. c4 c6 2. e4 e6 3. Nc3 Bb4 4. Nf3 Ne7 5. d4 d5 6. Bd3 dxc4 7. Bxc4 h6 8. O-O
Nd7 9. a3 Bxc3 10. bxc3 Nb6 11. Bd3 O-O 12. e5 Nd7 13. Bc2 f6 14. exf6 Nxf6 15.
Ne5 c5 16. Qd3 Qd5 17. Rb1 b6 18. Re1 Bb7 19. Nf3 c4 20. Qe2 Rae8 21. Qxe6+
Qxe6 22. Rxe6 Bxf3 23. gxf3 Nfd5 24. Bd2 Rxf3 25. Rbe1 Rf6 26. Rxf6 gxf6 27.
Bxh6 Kf7 28. Bd2 Nc6 29. Bg6+ Kxg6 30. Rxe8 Nde7 31. Kg2 Kf5 32. Kf3 Ke6 33. h4
Kf7 34. Rh8 Ng6 35. Rh7+ Kg8 36. Rc7 Nge7 37. Bf4 Kf7 38. Bd6 Ke6 39. Bxe7 Nxe7
40. Rxe7+ Kxe7 41. h5 a5 42. Ke2 1-0

[Event "XIII Festival"]
[Site "Ozieri ITA"]
[Date "2014.08.03"]
[Round "7"]
[White "Pedranghelu, Mario"]
[Black "Sanna, Raul"]
[WhiteElo "1392"]
[BlackElo "1407"]
[Result "1-0"]
[PlyCount "55"]
[EventDate "2014.07.31"]

1. e4 d5 2. exd5 Qxd5 3. Nc3 Qa5 4. Nf3 Nf6 5. d3 c6 6. g3 Bg4 7. Bg2 e6 8. O-O
Bd6 9. Bd2 Qc7 10. Be3 O-O 11. a3 Nbd7 12. Re1 Rac8 13. Qd2 Rfe8 14. Rac1 a6
15. h3 Bh5 16. Ne4 Nxe4 17. dxe4 Bg6 18. Nh4 Bh5 19. Bf3 Bxf3 20. Nxf3 c5 21.
c4 Nf6 22. e5 Bxe5 23. Bf4 Bxf4 24. Qxf4 Qb6 25. b3 Qxb3 26. Rb1 Qxa3 27. Rxb7
Rb8 28. Rxb8 1-0

[Event "XIII Festival"]
[Site "Ozieri ITA"]
[Date "2014.08.03"]
[Round "7"]
[White "Pisano, Claudio"]
[Black "Corbo, Giuseppe"]
[WhiteElo "1628"]
[BlackElo "1441"]
[Result "1/2-1/2"]
[PlyCount "41"]
[EventDate "2014.07.31"]

1. e4 e5 2. Bc4 Nf6 3. Nc3 Bc5 4. Nf3 d6 5. d3 O-O 6. O-O a6 7. Bg5 b5 8. Bd5
c6 9. Bb3 Bg4 10. h3 Be6 11. Bxe6 fxe6 12. a3 d5 13. b4 Bb6 14. Ne2 Nbd7 15. c3
Qe8 16. Bxf6 Rxf6 17. Ng3 Rg6 18. d4 dxe4 19. Nxe4 exd4 20. Nxd4 Ne5 21. Qe2
1/2-1/2

[Event "XIII Festival"]
[Site "Ozieri ITA"]
[Date "2014.08.03"]
[Round "7"]
[White "Saddi, Giorgio"]
[Black "Saba, Davide"]
[WhiteElo "1428"]
[BlackElo "1350"]
[Result "1-0"]
[PlyCount "71"]
[EventDate "2014.07.31"]

1. e4 e5 2. Nc3 Nf6 3. Nf3 Nc6 4. Bb5 Bc5 5. Bxc6 dxc6 6. Nxe5 Ng4 7. O-O Qg5
8. d4 Qe7 9. Nxc6 Qd7 10. dxc5 Qxc6 11. h3 Ne5 12. Be3 b5 13. cxb6 cxb6 14. Qd5
Qc7 15. Qxa8 Nc4 16. b3 Nxe3 17. fxe3 Qxc3 18. Rac1 O-O 19. Qxa7 Qxe3+ 20. Kh1
Qxe4 21. Qxb6 Bxh3 22. Qf2 h6 23. Kg1 Be6 24. Qf3 Qd4+ 25. Qf2 Qb2 26. c4 Qa3
27. c5 Bd7 28. c6 Bc8 29. c7 Ba6 30. Rfd1 g5 31. Qe3 f6 32. Rd8 Bb7 33. c8=Q
Qa8 34. Rxf8+ Kg7 35. Qe7+ Kg6 36. Qf7# 1-0

[Event "XIII Festival"]
[Site "Ozieri ITA"]
[Date "2014.08.03"]
[Round "7"]
[White "Sorcinelli, Andrea"]
[Black "Pisano, Federico"]
[WhiteElo "1722"]
[BlackElo "1365"]
[Result "1-0"]
[PlyCount "27"]
[EventDate "2014.07.31"]

1. e4 e5 2. Nf3 Nc6 3. Bb5 Bd6 4. O-O Nf6 5. Re1 O-O 6. d4 Ng4 7. h3 a6 8. Bxc6
dxc6 9. hxg4 Bxg4 10. Qd3 Bxf3 11. Qxf3 exd4 12. Qg4 Bb4 13. c3 dxc3 14. Nxc3
1-0

[Event "XXXIV Festival Conca della Presolana Magistrale"]
[Site "Bratto - Castione della Presolana ITA"]
[Date "2014.08.22"]
[Round "1"]
[White "Attuati, Stefano"]
[Black "Aghayev, Miragha"]
[WhiteElo "2006"]
[BlackElo "2357"]
[Result "0-1"]
[PlyCount "60"]
[EventDate "2014.08.22"]

1. e4 c5 2. Nf3 d6 3. d4 Nf6 4. Nc3 cxd4 5. Nxd4 a6 6. Bc4 e6 7. Bb3 b5 8. Be3
Be7 9. f3 O-O 10. Qd2 Bd7 11. g4 Nc6 12. h4 Nxd4 13. Bxd4 Bc6 14. O-O-O Nd7 15.
g5 a5 16. g6 fxg6 17. Bxe6+ Kh8 18. h5 gxh5 19. Rxh5 Nf6 20. Rg5 Ne8 21. Rg3
Bh4 22. Rg4 Bf6 23. Rh1 g5 24. Rxg5 Qe7 25. Nd5 Bxd5 26. exd5 Bxd4 27. Rxh7+
Qxh7 28. Qxd4+ Ng7 29. Rg3 Qh1+ 30. Kd2 Qh2+ 0-1

[Event "XXXIV Festival Conca della Presolana Magistrale"]
[Site "Bratto - Castione della Presolana ITA"]
[Date "2014.08.22"]
[Round "1"]
[White "Bianco, Valerio"]
[Black "Cebalo, Miso"]
[WhiteElo "2058"]
[BlackElo "2401"]
[Result "0-1"]
[PlyCount "70"]
[EventDate "2014.08.22"]

1. e4 c5 2. Nf3 d6 3. Bb5+ Nd7 4. c3 Ngf6 5. Qe2 a6 6. Ba4 b5 7. Bc2 c4 8. b3
Qc7 9. bxc4 bxc4 10. Na3 Bb7 11. Nxc4 Rc8 12. d3 g6 13. Bd2 Bg7 14. O-O O-O 15.
Ne3 d5 16. exd5 Nxd5 17. Nxd5 Bxd5 18. Rac1 Bxf3 19. Qxf3 Qa5 20. Bb3 e6 21. d4
Nb6 22. Qe2 Qa3 23. Rb1 Rc6 24. Bc1 Qa5 25. Bb2 Rfc8 26. Qd1 Nc4 27. Bxc4 Rxc4
28. Qb3 Qd5 29. Ba1 Bf8 30. Qb6 Ra4 31. Qa7 Rxa2 32. Rb7 Qf5 33. Rc7 Rd8 34. c4
Qa5 35. Bb2 Rxb2 0-1

[Event "XXXIV Festival Conca della Presolana Magistrale"]
[Site "Bratto - Castione della Presolana ITA"]
[Date "2014.08.22"]
[Round "1"]
[White "Bonato, Mariano"]
[Black "Pakleza, Zbigniew"]
[WhiteElo "2139"]
[BlackElo "2498"]
[Result "0-1"]
[PlyCount "108"]
[EventDate "2014.08.22"]

1. e4 d6 2. d4 Nf6 3. Bd3 e5 4. c3 d5 5. dxe5 dxe4 6. Bb5+ c6 7. Qxd8+ Kxd8 8.
exf6 cxb5 9. fxg7 Bxg7 10. Bg5+ Ke8 11. Nd2 f5 12. f3 Rg8 13. Bf4 b4 14. Ne2
bxc3 15. bxc3 exf3 16. Nxf3 Nc6 17. O-O Kf7 18. Ng5+ Kg6 19. Rad1 Rd8 20. Rxd8
Nxd8 21. Rd1 Nf7 22. Nf3 Be6 23. Be3 Bh6 24. Bxh6 Kxh6 25. a3 Re8 26. Ned4 Bd7
27. Kf2 Kg6 28. g3 Kf6 29. Rd3 Nd6 30. Nd2 Ne4+ 31. Nxe4+ fxe4 32. Re3 Ke5 33.
Nf3+ Kd5 34. Nd2 Rf8+ 35. Kg2 Bf5 36. h3 Bg6 37. g4 Ke5 38. Kg3 b5 39. h4 h6
40. Re1 a6 41. Re2 Rf4 42. h5 Bf7 43. Rh2 Be6 44. Rh4 Bd7 45. g5 Rxh4 46. Kxh4
e3 47. gxh6 Kf4 48. h7 e2 49. Nf3 Kxf3 50. h8=Q e1=Q+ 51. Kg5 Qe3+ 52. Kg6 Qe8+
53. Qxe8 Bxe8+ 54. Kg5 Bxh5 0-1

[Event "XXXIV Festival Conca della Presolana Magistrale"]
[Site "Bratto - Castione della Presolana ITA"]
[Date "2014.08.22"]
[Round "1"]
[White "Ceccarini, Marco"]
[Black "Rambaldi, Francesco"]
[WhiteElo "2094"]
[BlackElo "2444"]
[Result "0-1"]
[PlyCount "70"]
[EventDate "2014.08.22"]

1. e4 e6 2. d4 d5 3. Nc3 Nf6 4. Bg5 dxe4 5. Nxe4 Be7 6. Nxf6+ Bxf6 7. Bxf6 Qxf6
8. c3 O-O 9. Qf3 Qe7 10. Bd3 c5 11. Nh3 g6 12. dxc5 Nd7 13. b4 Ne5 14. Qg3
Nxd3+ 15. Qxd3 b6 16. Qd6 Qxd6 17. cxd6 Bb7 18. f3 Rac8 19. Kd2 Rfd8 20. Kc2
Rxd6 21. Rhd1 Rdc6 22. Rd3 Ba6 23. Re3 Bc4 24. Nf2 a5 25. bxa5 bxa5 26. Ne4 f5
27. Nd2 f4 28. Re4 Bd5 29. Rxf4 Rxc3+ 30. Kd1 Ra3 31. h4 Kg7 32. h5 gxh5 33.
Ke2 Rc2 34. Rh4 Kg6 35. g4 Bxf3+ 0-1

[Event "XXXIV Festival Conca della Presolana Magistrale"]
[Site "Bratto - Castione della Presolana ITA"]
[Date "2014.08.22"]
[Round "1"]
[White "David, Alberto"]
[Black "Bresciani, Nicola"]
[WhiteElo "2565"]
[BlackElo "2226"]
[Result "1-0"]
[PlyCount "71"]
[EventDate "2014.08.22"]

1. e4 c5 2. Nf3 d6 3. Bb5+ Bd7 4. c4 Nc6 5. d4 cxd4 6. Nxd4 Nf6 7. Nc3 g6 8. h3
Bg7 9. Be3 O-O 10. O-O a6 11. Bxc6 bxc6 12. c5 d5 13. e5 Ne8 14. f4 Nc7 15. Qd2
Nb5 16. Nce2 Nxd4 17. Nxd4 Qc8 18. Rae1 f6 19. e6 Bxe6 20. Bf2 Bd7 21. Rxe7 Rf7
22. Rxf7 Kxf7 23. Re1 a5 24. Nb5 Kg8 25. Nd6 Qd8 26. Bd4 Rb8 27. Bc3 a4 28. Qd4
Bf8 29. g4 Bxd6 30. cxd6 Qb6 31. Qxb6 Rxb6 32. Re7 Rb7 33. Bxf6 h5 34. f5 hxg4
35. fxg6 c5 36. Rh7 1-0